Digital Food (Record no. 335027)
[ view plain ]
| 000 -LEADER | |
|---|---|
| fixed length control field | 00468nam a2200097Ia 4500 |
| 008 - FIXED-LENGTH DATA ELEMENTS--GENERAL INFORMATION | |
| fixed length control field | 170517s9999 xx 000 0 und d |
| 245 ## - TITLE STATEMENT | |
| Title | Digital Food |
| 300 ## - PHYSICAL DESCRIPTION | |
| Extent | It is estimated that by the year 2050, the world population will reach nine billion. Digital Food asks how we will feed this future population, and what steps can be taken today to prepare for those sustenance needs. The... |
| 650 ## - SUBJECT ADDED ENTRY--TOPICAL TERM | |
| General subdivision | Technology. |
| 856 ## - ELECTRONIC LOCATION AND ACCESS | |
| Uniform Resource Identifier | <a href="http://topdocumentaryfilms.com/digital-food/">http://topdocumentaryfilms.com/digital-food/</a> |
| Withdrawn status | Lost status | Damaged status | Home library | Current library | Date acquired | Total Checkouts | Date last seen | Price effective from | Koha item type |
|---|---|---|---|---|---|---|---|---|---|
| College Library | College Library | 05/17/2017 | 05/17/2017 | 05/17/2017 | Documentary Films |